[Event "TUR-chT 2nd League"]
[Site "Konya"]
[Date "2022.08.28"]
[Round "9.5"]
[White "Doner, Mustafa"]
[Black "Celikel, Fatih"]
[Result "0-1"]
[WhiteElo "1855"]
[BlackElo "1841"]
[PlyCount "108"]
[EventDate "2022.08.22"]
[EventType "team-swiss"]
[EventRounds "9"]
[EventCountry "TUR"]
[SourceTitle "CBM 210 Extra"]
[Source "ChessBase"]
[SourceDate "2022.11.30"]
[SourceVersion "1"]
[SourceVersionDate "2022.11.30"]
[SourceQuality "1"]
[WhiteTeam "Gaziantep Sader"]
[BlackTeam "Ortaca Belediye"]
[WhiteTeamCountry "TUR"]
[BlackTeamCountry "TUR"]

1. e4 e5 2. Nf3 Nc6 3. Bc4 Nf6 4. d3 Be7 5. Bg5 d6 6. a4 h6 7. Bh4 Bg4 8. c3 g5 9. Bg3 Qd7 10. Nbd2 Bh5 11. b4 d5 12. exd5 Nxd5 13. b5 Na5 14. Nxe5 Bxd1 15. Nxd7 Nxc3 16. Be5 Kxd7 17. Bxc3 Nxc4 18. Rxd1 Nxd2 19. Bxh8 Bb4 20. Rxd2 Rxh8 21. h4 g4 22. Kd1 Bxd2 23. Kxd2 h5 24. Rc1 Kd6 25. Rc4 Rh6 26. Rf4 f6 27. Ke3 Ke6 28. Re4+ Kd6 29. Kf4 c6 30. Rd4+ Kc5 31. Rc4+ Kd5 32. bxc6 bxc6 33. Kf5 c5 34. Re4 Rh8 35. Kg6 Rb8 36. Kxh5 f5 37. Re2 Kd4 38. Rc2 Rc8 39. Kg6 Kxd3 40. Rc1 f4 41. h5 c4 42. Kg5 f3 43. g3 Rg8+ 44. Kf5 c3 45. h6 c2 46. h7 Rh8 47. Kxg4 Kd2 48. Rf1 c1Q 49. Rxc1 Kxc1 50. Kxf3 Rxh7 51. g4 Kc2 52. Ke4 Re7+ 53. Kf4 Kd3 54. f3 Rf7+ 0-1

[Event "TUR-chT 2nd League"]
[Site "Konya"]
[Date "2022.08.23"]
[Round "2.3"]
[White "Kilic, Efe Mert"]
[Black "Celikel, Fatih"]
[Result "1-0"]
[WhiteElo "2178"]
[BlackElo "1841"]
[PlyCount "104"]
[EventDate "2022.08.22"]
[EventType "team-swiss"]
[EventRounds "9"]
[EventCountry "TUR"]
[SourceTitle "CBM 210 Extra"]
[Source "ChessBase"]
[SourceDate "2022.11.30"]
[SourceVersion "1"]
[SourceVersionDate "2022.11.30"]
[SourceQuality "1"]
[WhiteTeam "Alacati Satranc"]
[BlackTeam "Ortaca Belediye"]
[WhiteTeamCountry "TUR"]
[BlackTeamCountry "TUR"]

1. e4 e6 2. b3 d5 3. Bb2 Nf6 4. e5 Nfd7 5. f4 c5 6. Qg4 Nc6 7. Nf3 Qc7 8. Na3 a6 9. c3 b5 10. Nc2 Ne7 11. Ne3 Nb6 12. Bd3 g6 13. Qh3 Bg7 14. Rc1 c4 15. Bb1 Bd7 16. Ba3 Nbc8 17. d4 h5 18. Qh4 a5 19. Bc5 Ra6 20. h3 Rc6 21. b4 axb4 22. Bxb4 Qd8 23. g4 hxg4 24. Qxg4 Nf5 25. Bxf5 exf5 26. Qg2 Be6 27. Ng5 Rh6 28. h4 Bf8 29. Bxf8 Kxf8 30. h5 Ne7 31. hxg6 Rxh1+ 32. Qxh1 Nxg6 33. Nxe6+ Rxe6 34. Nxd5 Nh4 35. Kd2 Qa8 36. Qxh4 Qxd5 37. Qh1 Qxh1 38. Rxh1 Ra6 39. Ra1 Rh6 40. Rb1 Rh2+ 41. Kc1 Rh1+ 42. Kb2 Rh3 43. Rc1 Ke7 44. d5 Rf3 45. Ka3 Rxf4 46. Kb4 Re4 47. Kxb5 Rxe5 48. Kc6 f4 49. d6+ Kf8 50. Rd1 Ke8 51. Rb1 Kf8 52. Rb8+ Kg7 1-0

[Event "TUR-chT 2nd League"]
[Site "Konya"]
[Date "2019.07.28"]
[Round "9.4"]
[White "Camlar, Arda"]
[Black "Celikel, Fatih"]
[Result "1-0"]
[WhiteElo "1889"]
[BlackElo "1868"]
[PlyCount "99"]
[EventDate "2019.07.22"]
[EventType "team-swiss"]
[EventRounds "9"]
[EventCountry "TUR"]
[SourceTitle "CBM 191 Extra"]
[Source "ChessBase"]
[SourceDate "2019.09.30"]
[SourceVersion "1"]
[SourceVersionDate "2019.09.30"]
[SourceQuality "1"]
[WhiteTeam "Apaydin Satranc Spor"]
[BlackTeam "Mugla Ortaca Belediye"]
[WhiteTeamCountry "TUR"]
[BlackTeamCountry "TUR"]

1. e4 g6 2. d4 Bg7 3. Nc3 c6 4. Bc4 b5 5. Bb3 b4 6. Nce2 d5 7. e5 a5 8. a3 bxa3 9. Rxa3 e6 10. Bd2 c5 11. Nf3 Ne7 12. 0-0 0-0 13. dxc5 Nd7 14. Ned4 Nxc5 15. Bg5 Bd7 16. c4 Nxb3 17. Nxb3 h6 18. Bxe7 Qxe7 19. Nxa5 Qb4 20. Qa1 dxc4 21. Nxc4 Bc6 22. Ncd2 Rad8 23. Rc1 Bd5 24. Rac3 Qf4 25. Qb1 Bxe5 26. Nxe5 Qxe5 27. Nf1 Rb8 28. Ne3 Be4 29. Qa2 Rb5 30. Qc4 Rxb2 31. Ng4 Qg7 32. Qxe4 h5 33. Ne5 Rb5 34. f4 Rd5 35. Rc8 Kh7 36. h3 Rd2 37. Rxf8 Qxf8 38. Rc7 Kg8 39. Rxf7 Rd1+ 40. Kh2 Qxf7 41. Nxf7 Kxf7 42. g4 hxg4 43. hxg4 Rd5 44. Kg3 Kf6 45. g5+ Kf7 46. Qb4 Rd3+ 47. Kg4 Rd7 48. Qb2 Rd5 49. Qf6+ Kg8 50. Qxe6+ 1-0

[Event "TUR-chT 2nd League"]
[Site "Konya"]
[Date "2019.07.22"]
[Round "1.6"]
[White "Ekici, Emre"]
[Black "Celikel, Fatih"]
[Result "0-1"]
[WhiteElo "1697"]
[BlackElo "1868"]
[PlyCount "106"]
[EventDate "2019.07.22"]
[EventType "team-swiss"]
[EventRounds "9"]
[EventCountry "TUR"]
[SourceTitle "CBM 191 Extra"]
[Source "ChessBase"]
[SourceDate "2019.09.30"]
[SourceVersion "1"]
[SourceVersionDate "2019.09.30"]
[SourceQuality "1"]
[WhiteTeam "Eskiseh Tasci"]
[BlackTeam "Mugla Ortaca Belediye"]
[WhiteTeamCountry "TUR"]
[BlackTeamCountry "TUR"]

1. d4 Nf6 2. Bg5 d5 3. Nf3 Bf5 4. Nbd2 c5 5. e3 Nc6 6. c3 Qb6 7. Qb3 c4 8. Qxb6 axb6 9. Bxf6 exf6 10. e4 dxe4 11. Nh4 Be6 12. Bxc4 g5 13. d5 b5 14. dxe6 bxc4 15. exf7+ Kxf7 16. Nf5 Ne5 17. 0-0 Kg6 18. Ne3 b5 19. Nxe4 Nd3 20. a4 Re8 21. Nd2 Bc5 22. axb5 Rxe3 23. fxe3 Bxe3+ 24. Kh1 Bxd2 25. Ra6 Bf4 26. Rc6 Ne5 27. Ra6 Ng4 28. g3 Be5 29. Rc6 h5 30. h3 Nh6 31. Rxc4 Nf5 32. Ra1 Nxg3+ 33. Kg2 Rd8 34. b4 Rd2+ 35. Kf3 Rd3+ 36. Kg2 Nf5 37. Rc8 Nh4+ 38. Kf2 Rxh3 39. b6 Rh2+ 40. Ke3 Nf5+ 41. Kd3 Nd6 42. Rg8+ Kf7 43. Rh8 Rh3+ 44. Ke2 Rxc3 45. b7 Nxb7 46. Rh7+ Ke6 47. Rxb7 Rb3 48. Rf1 h4 49. b5 h3 50. Rh7 g4 51. Rg1 Rb2+ 52. Ke3 Rb4 53. Rg7 Bd4+ 0-1

[Event "TUR-chT 2nd League"]
[Site "Konya"]
[Date "2018.07.22"]
[Round "9.6"]
[White "Celikel, Fatih"]
[Black "Gokcen, Fatih"]
[Result "1-0"]
[WhiteElo "1809"]
[BlackElo "1766"]
[PlyCount "83"]
[EventDate "2018.07.16"]
[EventType "team-swiss"]
[EventRounds "9"]
[EventCountry "TUR"]
[SourceTitle "EXT 2019"]
[Source "ChessBase"]
[SourceDate "2018.10.10"]
[SourceVersion "1"]
[SourceVersionDate "2018.10.10"]
[SourceQuality "1"]
[WhiteTeam "Mugla Ortaca Belediye"]
[BlackTeam "Konya Erkin"]
[WhiteTeamCountry "TUR"]
[BlackTeamCountry "TUR"]

1. d4 d5 2. Bf4 c5 3. e3 Nc6 4. c3 Nf6 5. Nd2 cxd4 6. exd4 Bg4 7. Qb3 Qc8 8. Ngf3 Bxf3 9. Nxf3 e6 10. Bd3 Be7 11. h3 0-0 12. 0-0 Na5 13. Qc2 Nc4 14. Ne5 h6 15. Rfe1 Nd6 16. Qe2 Nfe4 17. Qh5 Qd8 18. Qe2 Rc8 19. Rac1 Bh4 20. g3 Be7 21. Bb1 g5 22. Be3 Qe8 23. Kg2 f6 24. Nd3 Nf5 25. Rh1 Bd6 26. Nc5 Bxc5 27. dxc5 Kg7 28. Bxe4 dxe4 29. h4 Ne7 30. hxg5 hxg5 31. Qg4 Qc6 32. Rcd1 Rh8 33. Rd6 Rxh1 34. Kxh1 Qb5 35. Kg2 Nf5 36. Bd4 Nxd4 37. cxd4 Qd3 38. Qh5 Rc7 39. Rd8 e3 40. Qh8+ Kg6 41. Rg8+ Kf5 42. Qh3+ 1-0

[Event "TUR-chT 2nd League"]
[Site "Konya"]
[Date "2018.07.21"]
[Round "8.9"]
[White "Celikel, Fatih"]
[Black "Usluoglu, Servet"]
[Result "0-1"]
[WhiteElo "1809"]
[BlackElo "1759"]
[PlyCount "56"]
[EventDate "2018.07.16"]
[EventType "team-swiss"]
[EventRounds "9"]
[EventCountry "TUR"]
[SourceTitle "EXT 2019"]
[Source "ChessBase"]
[SourceDate "2018.10.10"]
[SourceVersion "1"]
[SourceVersionDate "2018.10.10"]
[SourceQuality "1"]
[WhiteTeam "Mugla Ortaca Belediye"]
[BlackTeam "Mardin Kale"]
[WhiteTeamCountry "TUR"]
[BlackTeamCountry "TUR"]

1. d4 Nf6 2. Bf4 d6 3. Nc3 g6 4. e4 Bg7 5. Qd2 0-0 6. 0-0-0 c6 7. f3 b5 8. h4 Nh5 9. Bh2 Qa5 10. g4 b4 11. Nb1 Nf6 12. Bc4 Ba6 13. Bb3 c5 14. e5 c4 15. exf6 cxb3 16. axb3 Bxf6 17. h5 Nc6 18. hxg6 Nxd4 19. Qe3 Qc5 20. Rd2 fxg6 21. Bg3 Rac8 22. Kd1 e5 23. Nh3 Qd5 24. Nf2 Nxc2 25. Qxa7 Qxf3+ 26. Kc1 Na3+ 27. Nc3 Rxc3+ 28. bxc3 Qxc3+ 0-1

[Event "TUR-chT 2nd League"]
[Site "Konya"]
[Date "2017.07.19"]
[Round "4.5"]
[White "Celikel, Fatih"]
[Black "Gulten, Erman"]
[Result "1/2-1/2"]
[WhiteElo "1720"]
[BlackElo "1779"]
[PlyCount "117"]
[EventDate "2017.07.17"]
[EventType "team-swiss"]
[EventRounds "9"]
[EventCountry "TUR"]
[SourceTitle "CBM 179 Extra"]
[Source "ChessBase"]
[SourceDate "2017.08.23"]
[SourceVersion "1"]
[SourceVersionDate "2017.08.23"]
[SourceQuality "1"]
[WhiteTeam "Konya Erkin"]
[BlackTeam "Mersin Zeka"]
[WhiteTeamCountry "TUR"]
[BlackTeamCountry "TUR"]

1. Nf3 d5 2. d4 Nf6 3. Bf4 c5 4. e3 Nc6 5. Nc3 Bg4 6. Be2 e6 7. Ne5 Bxe2 8. Qxe2 cxd4 9. Nxc6 bxc6 10. exd4 Qb6 11. Qd3 Be7 12. 0-0 0-0 13. b3 Rac8 14. a3 a5 15. Be3 Qc7 16. h3 c5 17. Nb5 c4 18. Qe2 Qb6 19. a4 Ne4 20. Bf4 Bf6 21. Qe3 cxb3 22. cxb3 Nc3 23. Be5 Bxe5 24. dxe5 Qxe3 25. fxe3 Rc5 26. Nd4 Ne4 27. Rfb1 Rfc8 28. b4 axb4 29. Rxb4 Rc1+ 30. Rxc1 Rxc1+ 31. Kh2 h5 32. Nb3 Rc2 33. a5 Ra2 34. h4 Kh7 35. Rb5 Nf2 36. Rc5 Ng4+ 37. Kg3 Nxe3 38. Nd4 Nc4 39. Nc6 Nd2 40. Kf4 Nc4 41. Kg3 f6 42. exf6 gxf6 43. Nd8 Rxa5 44. Rc7+ Kg6 45. Nxe6 Kf5 46. Ng7+ Ke4 47. Nxh5 Ra3+ 48. Kh2 f5 49. Nf6+ Ke5 50. Nh5 Ra6 51. Re7+ Re6 52. Rxe6+ Kxe6 53. Nf4+ Ke5 54. Kg3 Ne3 55. Kf3 Ng4 56. g3 d4 57. h5 Kf6 58. Ke2 Ke5 59. Kf3 1/2-1/2

[Event "Manavgat Turkey Cup"]
[Site "Manavgat"]
[Date "2016.02.04"]
[Round "9"]
[White "Celikel, Fatih"]
[Black "Keskec, Yaser"]
[Result "0-1"]
[WhiteElo "1709"]
[BlackElo "1347"]
[PlyCount "62"]
[EventDate "2016.01.30"]
[EventType "swiss"]
[EventRounds "11"]
[EventCountry "TUR"]
[SourceTitle "CBM 170 Extra"]
[Source "ChessBase"]
[SourceDate "2016.02.25"]
[SourceVersion "1"]
[SourceVersionDate "2016.02.25"]
[SourceQuality "1"]

1. e4 c5 2. Nf3 Nc6 3. Bb5 d6 4. d4 cxd4 5. Qxd4 Bd7 6. Bxc6 Bxc6 7. 0-0 e5 8. Qd3 Nf6 9. Re1 h6 10. c4 Qb6 11. Nc3 Be7 12. a4 a6 13. Be3 Qc7 14. a5 0-0 15. Rac1 Qd7 16. b4 Qg4 17. Nd2 Qg6 18. Nd5 Nxd5 19. cxd5 Bb5 20. Nc4 Rac8 21. f3 Kh7 22. g4 Qf6 23. Kg2 Qh4 24. Qb3 f5 25. Bf2 Qg5 26. exf5 e4 27. Ne3 exf3+ 28. Kxf3 Bf6 29. h4 Be2+ 30. Kxe2 Qf4 31. Rb1 Rfe8 0-1